000 01684cam a2200421 a 4500
001 11761717
003 OSt
005 20140310184513.0
008 990727s2000 nyua c 000 1 eng
010 _a 99042695
020 _a0060283157 (lib. bdg.)
020 _a0064407691 (pbk.)
035 _a(DLC) 99042695
040 _aDLC
_cDLC
_dDLC
042 _alcac
050 0 0 _aPZ 7
_b.Sn6795Mi 2001
100 1 _aSnicket, Lemony.
_94308
245 1 4 _aThe miserable mill /
_cLemony Snicket ; illustrations by Brett Helquist.
250 _a1st ed.
260 _aNew York, N.Y. :
_bScholastic Inc.,
_c2001.
300 _a194 p. :
_bill. ;
_c20 cm.
490 1 _aA series of unfortunate events ;
_vbk. 4
520 _aAccidents, evil plots, and general misfortune abound when, in their continuing search for a home, the Beaudelaire orphans are sent to live and work in a sinister lumber mill.
521 _aG9
526 _c1000
541 _j1
541 _j2
650 1 _aOrphans
_vFiction.
_929287
650 1 _aBrothers and sisters
_vFiction.
_929288
650 1 _aHumorous stories.
_93831
700 1 _aHelquist, Brett,
_eill.
_929289
800 1 _aSnicket, Lemony.
_tSeries of unfortunate events ;
_vbk. 4.
_929290
856 4 2 _3Publisher description
_uhttp://www.loc.gov/catdir/description/hc043/99042695.html
906 _a7
_bcbc
_corignew
_d1
_eocip
_f19
_gy-gencatlg
942 _2lcc
_cBK-SCHOLAS
999 _c34915
_d34915